000 00823cam a22002171 4500
001 gs 16000552
003 DLC
005 20260227111320.0
008 891014s1916 ag abf 000 0 spa
010 _ags 16000552
035 _a(OCoLC)20493428
040 _aDLC
_cCU
_dCU
_dDLC
042 _apremarc
050 0 0 _aQE231
_b.A28 no. 14
100 1 _aBeder, Robert,
_d1885-
245 0 0 _aEstudios geológicos e hidrogeológicos en los alrededores de Villa Dolores (Provincia de Córdoba)
_cpor el doctor Roberto Beder.
260 _aBuenos Aires,
_bTalleres gráficos del Ministerio de agricultura de la nación,
_c1916.
300 _a37 p.
_bplates, maps (part fold.) diagrs.
_c27 cm.
410 1 0 _aArgentina.
_bDirección General de Minas y Geología.
_tBoletin
_vno. 14. ser. B (Geologia)
650 0 _aGeology
_zArgentina.
999 _c25699
_d25699